|
|
|
|
| LEADER |
00000cam a2200000 a 4500 |
| 001 |
vtls010323154 |
| 003 |
SK-MaSNL |
| 005 |
20260301032209.0 |
| 008 |
251029s2011 xo l f p 000 0 slo |
| 015 |
|
|
|a SNBA2012/02-01009
|
| 020 |
|
|
|a 9788080784096
|q (brož.)
|
| 035 |
|
|
|a E530C360-15FC-4831-A693-657F359230F1
|
| 035 |
|
|
|a 52221DF4-F2BA-4325-875E-8F2361B86C42
|
| 035 |
|
|
|a urn:nbn:sk:snk-am007axl
|
| 035 |
|
|
|a urn:nbn:sk:snk-amjxoq
|
| 035 |
|
|
|a urn:nbn:sk:snk-am00860l
|
| 040 |
|
|
|a SNK
|b slo
|c SNK
|e AACR2
|
| 041 |
0 |
|
|a slo
|
| 044 |
|
|
|a xo
|c SK
|
| 072 |
|
7 |
|a 657
|x Účtovníctvo
|2 konspekt
|
| 072 |
|
7 |
|a 37.016
|x Učebné osnovy. Vyučovacie predmety. Učebnice
|2 konspekt
|
| 080 |
|
|
|a 657
|2 2001
|
| 080 |
|
|
|a (076.5)
|2 2001
|
| 080 |
|
|
|a 352
|2 2001
|
| 080 |
|
|
|a 334.012.46
|2 2001
|
| 080 |
|
|
|a (075.8)
|2 2001
|
| 100 |
1 |
|
|a Kovalčíková, Antónia,
|d 1954-
|4 aut
|9 118377
|
| 245 |
1 |
0 |
|a Účtovníctvo rozpočtových organizácií, príspevkových organizácií a obcí
|b praktikum
|c Antónia Kovalčíková, Alena Kordošová, Marianna Kršeková
|
| 250 |
|
|
|a 1. vyd.
|
| 260 |
|
|
|a Bratislava
|b Iura edition
|c 2011
|
| 300 |
|
|
|a 147 s.
|b tab.
|c 30 cm
|e 1 text. príl.
|
| 490 |
1 |
|
|a Ekonómia
|v 397
|
| 504 |
|
|
|a Bibliogr. s. 141-142. Pozn. Zoz. skrat.
|
| 650 |
0 |
7 |
|a účtovníctvo
|2 SNKPH
|9 649
|
| 650 |
0 |
7 |
|a rozpočtové organizácie
|2 SNKPH
|9 64709
|
| 650 |
0 |
7 |
|a príspevkové organizácie
|2 SNKPH
|9 67653
|
| 650 |
0 |
7 |
|a obce
|2 SNKPH
|9 2935
|
| 650 |
0 |
7 |
|a Accounting
|2 SNKPHeng
|9 266872
|
| 650 |
0 |
7 |
|a Nonprofit organizations
|2 SNKPHeng
|9 266338
|
| 650 |
0 |
7 |
|a Municipalities
|2 SNKPHeng
|9 266969
|
| 655 |
|
7 |
|a praktické cvičenia
|2 SNKPH
|9 70517
|
| 655 |
|
7 |
|a Problems, exercises, etc.
|2 SNKPHeng
|9 278342
|
| 655 |
|
7 |
|a učebnice vysokých škôl
|2 SNKPH
|9 70191
|
| 655 |
|
7 |
|a Textbooks (higher)
|2 SNKPHeng
|9 276436
|
| 700 |
1 |
|
|a Kordošová, Alena,
|d 1970-
|4 aut
|9 217359
|
| 700 |
1 |
|
|a Kršeková, Marianna
|4 aut
|9 329085
|
| 830 |
|
0 |
|a Ekonómia
|9 290125
|
| 919 |
|
|
|a 978-80-8078-409-6
|
| 958 |
|
|
|a NB
|
| 968 |
|
|
|d 65
|
| 999 |
|
|
|c 577991
|d 579921
|
| 952 |
|
|
|a SNK
|b SNK
|y PREZ
|7 0
|p 17A0718967
|o snkSB 82107
|i snk2011/22444
|8 0
|3 Príloha: 1 voľný list
|0 0
|1 0
|4 0
|d 2011-11-09
|f 1
|l 0
|r 2025-05-06 00:00:00
|w 2026-02-23
|
| 952 |
|
|
|a SNK
|b SNK
|y PREZ
|7 0
|p 17A0746872
|o snkSB 82107/príl.
|i snk2011/22444
|8 0
|3 Príloha: 1 voľný list
|z Príloha
|0 0
|1 0
|4 0
|d 2011-11-09
|f 1
|l 0
|r 2025-05-06 00:00:00
|w 2026-02-23
|
| 952 |
|
|
|a SNK
|b SNK
|y VYP
|7 0
|p 17A0746873
|o snkSB 82107 D1
|i snk2011/22446
|8 0
|3 Príloha: 1 voľný list
|0 0
|1 0
|4 0
|d 2011-11-09
|l 0
|r 2016-06-30 00:00:00
|w 2026-02-23
|
| 952 |
|
|
|a SNK
|b SNK
|y VYP
|7 0
|p 17A0746874
|o snkSB 82107/príl. D1
|i snk2011/22446
|8 0
|3 Príloha: 1 voľný list
|z Príloha
|0 0
|1 0
|4 0
|d 2011-11-09
|l 0
|r 2016-06-30 00:00:00
|w 2026-02-23
|